000 00704nmm a2200265 a 4500
003 AR-BaBNM
005 20251128211237.0
008 133020s[199 ||||||||||||||000 | spa||
040 _cAR-BaBNM
100 1 _aDalmasso, Eduardo
245 1 0 _aEl Mercosur como marco de estrategias competitivas
_bclaves del nuevo escenario brasileño
250 _a2ª ed.
260 _aCórdoba
_bAtenea
_c[199?]
300 _a186 p.
650 4 _aCIENCIAS POLITICAS
650 4 _aHISTORIA POLITICA
650 4 _aSISTEMAS MONETARIOS
650 4 _aECONOMIA
650 4 _aREGIONALIZACION
650 4 _aRECURSOS ECONOMICOS
651 4 _aArgentina
653 _aMERCOSUR
942 _cBK
998 _cMariana
999 _c18867
_d18867